000 01248nam a2200325Ia 4500
001 ebr10057536
003 CaPaEBR
006 m u
007 cr cn|||||||||
008 950330s1996 enk sb 001 0 eng d
010 _z 95012505
020 _z0203434692
020 _z0415130115 (alk. paper)
020 _z0415130123 (pbk. : alk. paper)
040 _aCaPaEBR
_cCaPaEBR
035 _a(OCoLC)52190623
050 1 4 _aJF51
_b.K27 1996eb
082 0 4 _a320.3
_220
100 1 _aKamrava, Mehran,
_d1964-
245 1 0 _aUnderstanding comparative politics
_h[electronic resource] :
_ba framework for analysis /
_cMehran Kamrava.
260 _aLondon ;
_aNew York :
_bRoutledge,
_c1996.
300 _avii, 223 p.
504 _aIncludes bibliographical references (p. [190]-215) and index.
533 _aElectronic reproduction.
_bPalo Alto, Calif. :
_cebrary,
_d2009.
_nAvailable via World Wide Web.
_nAccess may be limited to ebrary affiliated libraries.
650 0 _aComparative government.
650 0 _aPolitical science.
655 7 _aElectronic books.
_2local
710 2 _aebrary, Inc.
856 4 0 _uhttp://site.ebrary.com/lib/rucke/Doc?id=10057536
_zAn electronic book accessible through the World Wide Web; click to view
999 _c71783
_d71783